| 000 | 00510nam a22001457a 4500 | ||
|---|---|---|---|
| 008 | 160202b xxu||||| |||| 00| 0 eng d | ||
| 020 | _a0132724154 | ||
| 100 | _aPerrin Kathleen Ouimet | ||
| 245 |
_aUnderstanding the Essentials of Critical Care Nursing _cKathleen Ouimet Perrin |
||
| 250 | _a2nd Edition | ||
| 260 |
_aUnited States of America _bPearson Education, Inc _c2013 |
||
| 300 |
_axx, 579 p. _bill. |
||
| 700 | _aCarrie Edgerly Macleod | ||
| 942 |
_2lcc _cBK _e2nd Edition _hRT 120 _k.P47 2013 C.1 |
||
| 999 |
_c15589 _d15589 |
||